| 000 | 00830nam a22002777a 4500 | ||
|---|---|---|---|
| 001 | BR7000511 | ||
| 003 | BR-BrBNA | ||
| 005 | 20240711132314.0 | ||
| 008 | 230509b bl.||||| |||| 00| 0 por d | ||
| 040 |
_aBR-BrBNA _bpor |
||
| 041 | _a(Por) | ||
| 072 |
_aC00 _b/G514 |
||
| 090 |
_aC00 _bBR7000511 |
||
| 100 | 1 | _aCorrea, Heli. | |
| 110 | 1 | _aCoordenadoria de Assistência Técnica Integral | |
| 245 | 1 |
_aO serviço de comunicação rural da Secretaria da Agricultura de São Paulo: _bum novo enfoque na assistência técnica a agricultura / |
|
| 260 | 3 |
_aCampinas, SP (Brasil): _c1970. |
|
| 300 | _a14 p. | ||
| 650 | _aExtensao rural | ||
| 650 | _aComunicacao | ||
| 650 | _aAssistencia tecnica | ||
| 650 | _aSao Paulo | ||
| 909 |
_a07/2024 _bSARAH |
||
| 942 | _cBK | ||
| 999 |
_c14377 _d14377 |
||